Christliche Erziehung im Prozess der neuen Evangelisierung Lateinamerikas /

Saved in:
Bibliographic Details
Main Author: Cruz, Ramón Alfredo de la, 1961-
Format: Book
Language:German
Published: St. Ottilien : EOS, c2001.
Series:Dissertationen. Theologische Reihe ; Bd. 85.
Subjects:
Tags: Add Tag
No Tags, Be the first to tag this record!
LEADER 01111cam a22003014a 4500
001 008771024-2
005 20041221152205.0
008 010704s2001 gw b 000 0 ger d
016 7 |a 961839368  |2 GyFmDB 
020 |a 3830670834 (kart.) :  |c DM 29.00 
035 0 |a ocm48730186 
040 |a ZXW  |c ZXW  |d OHX  |d NDD  |d OCLCQ 
043 |a cl----- 
050 0 0 |a BV1470.L3  |b C78 2001 
072 7 |a BV  |2 lcco 
100 1 |a Cruz, Ramón Alfredo de la,  |d 1961- 
245 1 0 |a Christliche Erziehung im Prozess der neuen Evangelisierung Lateinamerikas /  |c Ramón Alfredo de la Cruz. 
260 |a St. Ottilien :  |b EOS,  |c c2001. 
300 |a 286, [1] p. ;  |c 21 cm. 
490 1 |a Dissertationen. Theologische Reihe ;  |v Bd. 85 
500 |a Originally presented as the author's thesis (doctoral)--Universität Bonn, 2000. 
504 |a Includes bibliographical references (p. 246-[287]). 
650 0 |a Christian education  |z Latin America. 
650 0 |a Evangelistic work  |z Latin America. 
650 0 |a Liberation theology  |z Latin America. 
830 0 |a Dissertationen.  |p Theologische Reihe ;  |v Bd. 85. 
988 |a 20020608 
906 |0 OCLC